000 00430nam a2200157Ia 4500
003 OSt
005 20200630124458.0
008 190216s9999||||xx |||||||||||||| ||und||
040 _coclc
082 _a954
_bVEN/I
100 _aVenkatraman, R
_93353
245 0 _aIndian Archaeology /
_cR Venkatraman
260 _bEnnes Publications,
_c1999.
300 _a240p
942 _cBK
_2ddc
_h954
_iVEN/I
_k954
_mVEN/I
999 _c20661
_d20661